Leki w jonoforezie - Statystyki

Ogólne statystyki
  • Ten quiz został rozwiązany 9 razy
  • Średni wynik to 3 z 25
Statystyki odpowiedzi
Hint Odpowiedź % Poprawnych
Działanie bakteriostatyczne - katoda Penicylina
86%
Do schorzeń gośćcowych, (zmniejsza odczyny zapalne i objawy bólowe - katoda Salicyl
57%
Do odmrożeń, zaburzeń ukrwienia obwodowego - (działa pobudzająco na nerw błędny) - anoda Acetylocholina
14%
Do blizn i bliznowców (zaczyna się na c) anoda Cepan
14%
Działanie zwężające naczynia krwionośne (1:10000) - anoda Chlorowodorek adrenaliny
14%
Działanie zwężające naczynia krwionośne (1:10000) - anoda Chlorowodorek efedryny
14%
Do blizn i bliznowców (żel) - anoda Contratubex
14%
Do blizn i bliznowców oraz zapalenia pochewek ścięgien (obrzęki limfatyczne) - anoda Hialuronidaza
14%
Do blizn i bliznowców (zaczyna się na k) - anoda Kinetin
14%
Do zapaleń okołostawowych, neuralgii, zmian zwyrodnieniowych, entezopatii - anoda Novocaina
14%
Działanie rozszerzające naczynia krwionośne - (10-20 mg/1ml H2O) - anoda Pridazol
14%
Do obrzęków, osteoporozy, neuralgii, stanów zapalnych gałek ocznych, przyspiesza regenerację tkanki nerwowej - anoda (1-2%) Chlorek wapniowy
0%
Do silnych neuralgii, zapaleń okołostawowych, bólów głowy (działa znieczulająco) (żel) - anoda Chlorowodorek lidokainy
0%
Do silnych neuralgii, zapaleń okołostawowych, bólów głowy (działa znieczulająco) - anoda Chlorowodorek prokainy
0%
Działanie przeciwzapalne i przeciwbólowe (1ml/9ml xylocainy) - anoda Depo-Medrol
0%
Do zaburzeń krążenia obwodowego, anoda Histamina
0%
Działanie przeciwzapalne i przeciwbólowe (1mg/1ml H20) - anoda Hydrokortyzon hemisuccinatum
0%
Stosowane przy bliznach i zapaleniach stawów, katoda, (1-2%) Jodek potasowy
0%
Do schorzeń gośćcowych, (zmniejsza odczyny zapalne i objawy bólowe - anoda Mydocalm
0%
Do ran, działanie - przeżegnanie tkanek - anoda (1%) Siarczan cynkowy
0%
Działanie bakteriostatyczne (1-5mg/1ml H2O) - anoda Siarczan neomycyny
0%
Działanie bakteriostatyczne (5mg/1ml H2O) - anoda Siarczan streptomycyny
0%
Działanie przeciwzapalne i przeciwbólowe (1ml/1ml H2O) - katoda Solu-Dacortin
0%
W zaniku nerwu wzrokowego i siatkówki, zaburzenia ukrwienia obwodowego -anoda Witamina B1
0%
Do zapaleń okołostawowych, neuralgii, zmian zwyrodnieniowych, entezopatii - anoda Xylocaina
0%
Nie znaleziono quizów pasujących do podanych kryteriów
Rozkład punktacji
Procent ludzi z każdym wynikiem
Percentyl według liczby udzielonych odpowiedzi
Twoja historia wyników
Nie rozwiązałeś tego quizu